|
|
|
|
| LEADER |
00000ny a22000003n 4500 |
| 005 |
20110622133112.0 |
| 008 |
091223s2007 po 000 0 por d |
| 020 |
|
|
|a 9789727491377
|
| 035 |
|
|
|a 1868
|
| 040 |
|
|
|a BUS
|d vLex
|
| 090 |
|
|
|c 1013
|d 1013
|
| 100 |
1 |
|
|a Sardina, Ana
|
| 245 |
1 |
0 |
|a Lx̌ico Fundamental
|h [Recurso electrn̤ico]
|c Ana Sardina
|
| 256 |
|
|
|a Servicio en ln̕ea
|
| 260 |
|
|
|a Portugal :
|b Almeida & Leitó,
|c 2007
|
| 300 |
|
|
|a p. ;
|c cm
|
| 506 |
1 |
|
|a Contenido solo disponible en los productos indicados
|d vLex Global
|d vLex Global (Academic Edition, excluding Law Schools)
|d vLex Global (U.S. Academic Edition, Law Schools)
|d vLex Global (U.S. Academic Edition, excluding Law Schools)
|d vLex Global (Academic Edition, Law Schools)
|
| 650 |
0 |
4 |
|a Trabajo
|x Derecho
|z Portugal
|
| 740 |
0 |
|
|a vLex Libros (Servicios en ln̕ea)
|
| 856 |
4 |
0 |
|u http://vlex.com/source/1868
|z Acceso restringido
|
| 942 |
|
|
|c BOOK
|